El luto de Centroamérica /

Se hace una evaluación de la tasa de mortalidad de América Latina, con énfasis en América Central. La tasa bruta de mortalidad del conjunto de América Latina en 1987 resulta ligeramente superior a la de Centroamérica la diferencia es muy leve: 8 de cada 000 latinoamericanos mueren, frente a 7 de cad...

Ful tanımlama

Kaydedildi:
Detaylı Bibliyografya
Yazar: Casaús Arzú, Marta Elena
Diğer Yazarlar: Castillo Quintana, Rolando
Materyal Türü: Metin
Dil:Spanish
Baskı/Yayın Bilgisi: Madrid: Centro Español de Estudios de América Latina; 1989.
Konular:
Etiketler: Etiketle
Etiket eklenmemiş, İlk siz ekleyin!

MARC

LEADER 00000 a a2200000 04500
001 3047
003 cru CIDCACS/IIS
005 20211022153402.0
008 210114b1989 sp ||||| |||| 00| 0 spa d
020 |a 84-87258-15-8 
040 |c CRAI/IIS  |a Centro de Recursos para el Aprendizaje y la Investigación  |b Español 
090 |a 01.04.03 C397c Tomo 1 
100 1 |9 9780  |a Casaús Arzú, Marta Elena 
245 1 3 |a El luto de Centroamérica /  |c Marta Elena Casaús Arzú, Rolando Castillo Quintana 
260 |a Madrid:  |b Centro Español de Estudios de América Latina;  |c 1989. 
300 |a páginas 318-321; vol. 1  
500 |a Colección Centroamérica 
520 |a Se hace una evaluación de la tasa de mortalidad de América Latina, con énfasis en América Central. La tasa bruta de mortalidad del conjunto de América Latina en 1987 resulta ligeramente superior a la de Centroamérica la diferencia es muy leve: 8 de cada 000 latinoamericanos mueren, frente a 7 de cada millar de centroamericanos. La mortalidad infantil en Nicaragua, Guatemala y Honduras es muy elevada. Concluye afirmando que el mayor o menor riesgo de muerte, traduce las peores o mejores condiciones de salud de una sociedad. AR/MR  
650 |a ANALISIS DEMOGRAFICO   |0 TESAUROS 
650 |a TASA DE MORTALIDAD   |0 TESAUROS 
650 |a ESPERANZA DE VIDA   |0 TESAUROS 
651 0 |9 308  |a CENTROAMERICA 
700 1 |9 9781  |a Castillo Quintana, Rolando 
773 0 |0 43560  |9 5102  |a Centro Español de Estudios de América Latina   |d Madrid: CEDEAL, 1989  |o MFN: 2092  |t Centroamerica:  |g páginas 318-321; vol. 1  
852 1 1 |a 01.04.03 C397c Tomo 1 
942 |2 ddc  |c LI  |h 01.04.03 C397c Tomo 1  |k 01.04.03  |m C397c Tomo 1  |6 010403_C397C_TOMO_1 
999 |c 8895  |d 8895